<?xml version="1.0" encoding="UTF-8"?>
<marc:record xmlns:marc="http://www.loc.gov/MARC21/slim">
   <marc:leader>00000nam a2200000 a 4500</marc:leader>
   <marc:datafield ind1="1" ind2=" " tag="100">
      <marc:subfield code="a">Kindermann, Barbara</marc:subfield>
      <marc:subfield code="4">aut</marc:subfield>
      <marc:subfield code="e">Verfasser/-in</marc:subfield>
   </marc:datafield>
   <marc:datafield ind1=" " ind2=" " tag="653">
      <marc:subfield code="a">Shakespeare</marc:subfield>
   </marc:datafield>
   <marc:datafield ind1="0" ind2="0" tag="245">
      <marc:subfield code="a">Shakespeare leicht erzählt</marc:subfield>
   </marc:datafield>
   <marc:datafield ind1="0" ind2="0" tag="245">
      <marc:subfield code="b">Sommernachtstraum; Hamlet; Romeo und Julia</marc:subfield>
   </marc:datafield>
   <marc:datafield ind1=" " ind2="1" tag="264">
      <marc:subfield code="b">Hörcompany</marc:subfield>
   </marc:datafield>
   <marc:datafield ind1="1" ind2=" " tag="520">
      <marc:subfield code="a">Vorhang auf für Romeo und Julia, das berühmteste Liebespaar der Welt! Die spannende Nacherzählung des Dramas über die beiden Jugendlichen, die nicht zueinander kommen sollten, berührt nach wie vor Jung und Alt!  Ebenso wie die Geschichte des jungen Prinzen Hamlet, dessen Welt aus den Fugen geraten ist. In einem Sommernachtstraum wirbelt der freche Kobold Puck mit seiner Zauberblume alles kräftig durcheinander und zettelt ein turbulentes Verwirrspiel voller Jux und Hexerei an.</marc:subfield>
   </marc:datafield>
   <marc:datafield ind1=" " ind2=" " tag="020">
      <marc:subfield code="a">9783942587778</marc:subfield>
      <marc:subfield code="9">9783942587778</marc:subfield>
   </marc:datafield>
</marc:record>
